Slovensko a znalostná ekonomika bakalárska práca

Saved in:
Bibliographic Details
Main Author: Tegelhoff, Viktor
Corporate Author: Fakulta podnikového manažmentu EU. Katedra informačného manažmentu
Other Authors: Hanák, Róbert, 1979-
Format: Book
Language:Slovak
Published: Bratislava 2009
Tags: Add Tag
No Tags, Be the first to tag this record!

MARC

LEADER 00000nam$a2200000$$$4500
001 0101331
005 20240320075424.5
041 0 |a slo 
044 |a SK 
245 1 0 |a Slovensko a znalostná ekonomika  |b bakalárska práca  |c Viktor Tegelhoff ; škol. Róbert Hanák 
264 1 |a Bratislava  |c 2009 
300 |a 47 s. 
100 1 |a Tegelhoff, Viktor 
700 1 |a Hanák, Róbert, 1979- 
710 2 |a Fakulta podnikového manažmentu EU. Katedra informačného manažmentu